National velvet (Record no. 10891)
[ view plain ]
| 000 -LEADER | |
|---|---|
| fixed length control field | 01023cam a22003371a 4500 |
| 001 - CONTROL NUMBER | |
| control field | 8357466 |
| 003 - CONTROL NUMBER IDENTIFIER | |
| control field | PILC |
| 005 - DATE AND TIME OF LATEST TRANSACTION | |
| control field | 20160217122515.0 |
| 008 - FIXED-LENGTH DATA ELEMENTS--GENERAL INFORMATION | |
| fixed length control field | 720725s1949 nyua j 000 1 eng |
| 010 ## - LIBRARY OF CONGRESS CONTROL NUMBER | |
| LC control number | 49010997 |
| 020 ## - INTERNATIONAL STANDARD BOOK NUMBER | |
| International Standard Book Number | 0688057888 |
| 035 ## - SYSTEM CONTROL NUMBER | |
| System control number | (OCoLC)364946 |
| 040 ## - CATALOGING SOURCE | |
| Original cataloging agency | DLC |
| Transcribing agency | ODaWU |
| Modifying agency | OCoLC |
| -- | PPiU |
| -- | DLC |
| 050 00 - LIBRARY OF CONGRESS CALL NUMBER | |
| Classification number | PZ 3 |
| Item number | .B1477Nat 1935 |
| 082 ## - DEWEY DECIMAL CLASSIFICATION NUMBER | |
| Classification number | FIC |
| Item number | B14n 1949 |
| 100 1# - MAIN ENTRY--PERSONAL NAME | |
| Personal name | Bagnold, Enid. |
| 9 (RLIN) | 5258 |
| 245 10 - TITLE STATEMENT | |
| Title | National velvet |
| Statement of responsibility, etc | by Enid Bagnold ; illustrations by Paul Brown. |
| 260 ## - PUBLICATION, DISTRIBUTION, ETC. (IMPRINT) | |
| Place of publication, distribution, etc | New York : |
| Name of publisher, distributor, etc | W. Morrow, |
| Date of publication, distribution, etc | c1949. |
| 300 ## - PHYSICAL DESCRIPTION | |
| Extent | 306 p. : |
| Other physical details | ill. ; |
| Dimensions | 21 cm. |
| 650 #0 - SUBJECT ADDED ENTRY--TOPICAL TERM | |
| Topical term or geographic name as entry element | Steeplechasing |
| Form subdivision | Fiction. |
| 9 (RLIN) | 18079 |
| 650 #0 - SUBJECT ADDED ENTRY--TOPICAL TERM | |
| Topical term or geographic name as entry element | Teenage girls |
| Form subdivision | Fiction. |
| 9 (RLIN) | 18080 |
| 650 #0 - SUBJECT ADDED ENTRY--TOPICAL TERM | |
| Topical term or geographic name as entry element | Horse racing |
| Form subdivision | Fiction. |
| 9 (RLIN) | 18081 |
| 650 #0 - SUBJECT ADDED ENTRY--TOPICAL TERM | |
| Topical term or geographic name as entry element | Horses |
| Form subdivision | Fiction. |
| 9 (RLIN) | 18082 |
| 651 #0 - SUBJECT ADDED ENTRY--GEOGRAPHIC NAME | |
| Geographic name | England |
| Form subdivision | Fiction. |
| 9 (RLIN) | 18083 |
| 655 #7 - INDEX TERM--GENRE/FORM | |
| Genre/form data or focus term | Horse stories. |
| Source of term | lcsh |
| 9 (RLIN) | 18084 |
| 700 1# - ADDED ENTRY--PERSONAL NAME | |
| Personal name | Brown, Paul, |
| Dates associated with a name | 1893-1958, |
| Relator term | ill. |
| 9 (RLIN) | 18085 |
| 906 ## - LOCAL DATA ELEMENT F, LDF (RLIN) | |
| a | 7 |
| b | cbc |
| c | oclcrpl |
| d | u |
| e | ncip |
| f | 19 |
| g | y-gencatlg |
| 942 ## - ADDED ENTRY ELEMENTS (KOHA) | |
| Source of classification or shelving scheme | Library of Congress Classification |
| Koha item type | Books |
| Withdrawn status | Lost status | Source of classification or shelving scheme | Damaged status | Home library | Current library | Shelving location | Date acquired | Total Checkouts | Full call number | Barcode | Date last seen | Copy number | Price effective from | Koha item type |
|---|---|---|---|---|---|---|---|---|---|---|---|---|---|---|
| Library of Congress Classification | Luxembourg Library | Luxembourg Library | Fiction Section | 09/11/2013 | PZ 3 .B1477Nat 1935 | 18428 | 02/16/2015 | 1 | 09/11/2013 | Books |